|
|
|
|
| LEADER |
01050nam a22002892a 4500 |
| 001 |
000114678 |
| 003 |
CZ BrMZK |
| 005 |
20140723090535.0 |
| 007 |
tu |
| 008 |
950101s1982 xr a f 001 0 cze d |
| 015 |
|
|
|a cnb000001675
|
| 035 |
|
|
|a (OCoLC)39589627
|
| 040 |
|
|
|a ABA001
|b cze
|d ABA001
|d BOA001
|
| 080 |
9 |
|
|a 519.86/.87
|
| 080 |
9 |
|
|a 519.71
|
| 100 |
1 |
|
|a Štach, Jaromír
|7 jk01131064
|4 aut
|
| 245 |
1 |
0 |
|a Základy teorie systémů /
|c Jaromír Štach
|
| 250 |
|
|
|a 1. vyd.
|
| 260 |
|
|
|a Praha :
|b Státní nakladatelství technické literatury,
|c 1982
|
| 300 |
|
|
|a 172 s. :
|b il. ;
|c 25 cm
|
| 504 |
|
|
|a Obsahuje bibliografii a rejstřík
|
| 856 |
4 |
1 |
|u http://www.digitalniknihovna.cz/mzk/uuid/uuid:f43b9040-1252-11e4-8e0d-005056827e51
|y Digitalizovaný dokument
|x NDK
|
| 910 |
|
|
|a BOA001
|b 2-0856.263
|
| 990 |
|
|
|a BK
|
| 991 |
|
|
|b 200602
|
| 996 |
7 |
|
|b 2619968071
|c 2-0856.263
|l MZK
|r Sklad / do 1 hodiny
|n 21
|w 000114678
|u 000010
|a 1
|e BOA001
|j MZK50
|s A
|
| 996 |
6 |
|
|b 2619971499
|c 2-0856.263
|l MZK
|r Sklad / do 1 hodiny
|n 10
|w 000114678
|u 000020
|a 1
|e BOA001
|j MZK50
|s P
|